header

Earthquake in the Early Morning. (Record no. 263363)

MARC details
000 -LEADER
fixed length control field 00324nam a22001337a 4500
020 ## - INTERNATIONAL STANDARD BOOK NUMBER
ISBN 9780679990703
ISBN 9780679890706
100 ## - MAIN ENTRY--AUTHOR NAME
Personal name Mary Pope Osborne
245 ## - TITLE STATEMENT
Title Earthquake in the Early Morning.
260 ## - PUBLICATION, DISTRIBUTION, ETC. (IMPRINT)
Place of publication New York
Name of publisher Random House
Year of publication 2001
300 ## - PHYSICAL DESCRIPTION
Number of Pages 72pgs
Other physical details ill
490 ## - SERIES STATEMENT
Series statement Magic Tree House
942 ## - ADDED ENTRY ELEMENTS (KOHA)
Koha item type Long Loan Books
Holdings
Withdrawn status Lost status Collection code Home library Current library Shelving location Date acquired Accession Number Koha item type
    Fiction Rongo University Library Rongo University Library Children's Area 13/03/2024 CL20222798 Long Loan Books

© 2026 Rongo University
Contact us: librarian | system librarian | Rongo university